01247nam a2200181Ia 4500008004100000020001800041050002000059100002900079245015600108250000600264260002700270300006700297500028200364650017200646700011400818952011600932999001701048120626s9999 xx 000 0 und d a84-481-4624-7 aQA76.5 P75 2006 aPRIETO ESPINOSA, Alberto aIntroducción a la informática / Alberto Prieto Espinosa, Antonio Lloris Ruiz y Juan Carlos Torres Cantero ; edición: Carmelo Sánchez González a4 aEspaña : McGraw-Hill axxii, 808 p. : il., fot., diagrs., gráficas, tablas ; 25 cm. aContiene: índice analítico \ Cada capítulo incluye: conclusión, ejercicios y bibliografía \ Apéndices: A. Sistemas de numeración usuales en informática B. Algunas medidas de uso común en informática C. Principales códigos de entrada/salida D. Principales  aCOMPUTADORAS ELECTRÓNICAS DIGITALES \ PROCESAMIENTO DE PALABRAS \ INFORMÁTICA - HISTORIA \ ALGORITMO \ LENGUAJES DE PROGRAMACIÓN \ REDES - COMPUTADORA - INTERNET aLLORIS RUIZ, Antonio (coaut.) \ TORRES CANTERO, Juan Carlos (coaut.) \ SÁNCHEZ GONZÁLEZ, Carmelo (ed.)Ì 00102ddc4070a22b22d2010-11-29l1oQA76.5 P75 2006p17 001085r2023-08-01s2015-03-04t1w2012-06-26yLBf c73667d73667